| 000 | 00358nam a2200145Ia 4500 | ||
|---|---|---|---|
| 008 | 230917s9999||||xx |||||||||||||| ||und|| | ||
| 040 |
_e97255 _aMAIN |
||
| 041 | _aEnglish | ||
| 082 | _a954.5 K638P | ||
| 100 | _aKirpal Singh | ||
| 245 | 4 | _aThe partition of the Punjab | |
| 260 |
_aPatiala _bPunjabi University _c1972 |
||
| 300 | _axiv, 188 p. | ||
| 942 | _cBK | ||
| 999 |
_c82430 _d82430 |
||